Państwa Śródlądowe na mapie - Statystyki

Ogólne statystyki
  • Ten quiz został rozwiązany 145 razy
  • Średni wynik to 40 z 45
Odpowiedzi na mapie
Odpowiedzi zakodowano w zielono-czerwonej skali na mapie do tego quizu, zgodnie z poniższymi procentami.
 
Statystyki odpowiedzi
Państwo % Poprawnych
Austria
100%
Serbia
100%
Szwajcaria
100%
Czad
99%
Czechy
99%
Paragwaj
99%
Słowacja
99%
Mongolia
97%
Węgry
97%
Boliwia
96%
Kirgistan
96%
Kosowo
96%
Nepal
96%
Sudan Południowy
96%
Bhutan
95%
Luksemburg
95%
Mali
95%
Macedonia Północna
94%
Tadżykistan
94%
Uzbekistan
94%
Liechtenstein
92%
Niger
92%
San Marino
92%
Afganistan
91%
Mołdawia
91%
Andora
90%
Lesotho
90%
Watykan
90%
Białoruś
89%
Rwanda
89%
Botswana
87%
Kazachstan
87%
Uganda
87%
Zambia
87%
Republika Środkowoafrykańska
86%
Zimbabwe
86%
Turkmenistan
84%
Laos
82%
Armenia
80%
Burkina Faso
78%
Eswatini
78%
Malawi
77%
Burundi
76%
Etiopia
75%
Azerbejdżan
53%
Nie znaleziono quizów pasujących do podanych kryteriów
Rozkład punktacji
Procent ludzi z każdym wynikiem
Percentyl według liczby udzielonych odpowiedzi
Twoja historia wyników
Nie rozwiązałeś tego quizu